000
00256nam a2200109 a 4500
005
20140513081051.0
008
020606s19uu xx 00 eng d
050
_a
P 641.4
_b
DIS
245
_a
Disease carriers.
650
_a
Diseases--Poster
999
_c
116314
_d
116314